Diagnostic imaging: (Record no. 168043)
[ view plain ]
| 000 -LEADER | |
|---|---|
| fixed length control field | 01068cam a22003254a 4500 |
| 008 - FIXED-LENGTH DATA ELEMENTS--GENERAL INFORMATION | |
| fixed length control field | |
| 020 ## - INTERNATIONAL STANDARD BOOK NUMBER | |
| International Standard Book Number | 9781931884778 (hbk. ) |
| 049 ## - LOCAL HOLDINGS (OCLC) | |
| Holding library | MAIN |
| 050 00 - LIBRARY OF CONGRESS CALL NUMBER | |
| Classification number | RG107.5.I4 |
| Item number | DIA |
| 003 - CONTROL NUMBER IDENTIFIER | |
| control field | |
| 005 - DATE AND TIME OF LATEST TRANSACTION | |
| control field | 20230123141123.0 |
| 040 ## - CATALOGING SOURCE | |
| Transcribing agency | NUST |
| 245 00 - TITLE STATEMENT | |
| Title | Diagnostic imaging: |
| Remainder of title | Gynecology / |
| Statement of responsibility, etc. | editedShaaban et al. |
| 250 ## - EDITION STATEMENT | |
| Edition statement | 2nd. edition. |
| 260 ## - PUBLICATION, DISTRIBUTION, ETC. | |
| Place of publication, distribution, etc. | Salt Lake City : |
| Name of publisher, distributor, etc. | Amirsys, |
| Date of publication, distribution, etc. | c2007. |
| 300 ## - PHYSICAL DESCRIPTION | |
| Extent | xvi, 1 v. (various pagings) : |
| Other physical details | ill. (some col.) ; |
| Dimensions | 29 cm. |
| 504 ## - BIBLIOGRAPHY, ETC. NOTE | |
| Bibliography, etc. note | Includes bibliographical references. |
| 500 ## - GENERAL NOTE | |
| General note | Includes index. |
| 650 #0 - SUBJECT ADDED ENTRY--TOPICAL TERM | |
| Topical term or geographic name entry element | Generative organs, Female |
| General subdivision | Imaging |
| Form subdivision | Handbooks, manuals, etc. |
| 650 12 - SUBJECT ADDED ENTRY--TOPICAL TERM | |
| Topical term or geographic name entry element | Genital Diseases, Female |
| General subdivision | diagnosis |
| Form subdivision | Handbooks. |
| 650 22 - SUBJECT ADDED ENTRY--TOPICAL TERM | |
| Topical term or geographic name entry element | Diagnostic Imaging |
| Form subdivision | Handbooks. |
| 650 22 - SUBJECT ADDED ENTRY--TOPICAL TERM | |
| Topical term or geographic name entry element | Genitalia, Female |
| General subdivision | pathology |
| Form subdivision | Handbooks. |
| 700 ## - ADDED ENTRY--PERSONAL NAME | |
| Personal name | Paula J. Woodward. |
| 700 ## - ADDED ENTRY--PERSONAL NAME | |
| Personal name | Rania Faraouk El Sayed. |
| 700 ## - ADDED ENTRY--PERSONAL NAME | |
| Personal name | Maryam Rezvani. |
| 700 ## - ADDED ENTRY--PERSONAL NAME | |
| Personal name | Mac S. Tubay. |
| 700 ## - ADDED ENTRY--PERSONAL NAME | |
| Personal name | Christine O. Menias. |
| 907 ## - LOCAL DATA ELEMENT G, LDG (RLIN) | |
| a | .b10392300 |
| b | 01-10-18 |
| c | 19-09-18 |
| 942 ## - ADDED ENTRY ELEMENTS (KOHA) | |
| Koha item type | Ordinary Loan Books |
| Date last seen | Total Checkouts | Full call number | Barcode | Cost, replacement price | Price effective from | Koha item type | Lost status | Source of classification or shelving scheme | Damaged status | Not for loan | Collection | Withdrawn status | Home library | Current library | Shelving location | Date acquired | Cost, normal purchase price |
|---|---|---|---|---|---|---|---|---|---|---|---|---|---|---|---|---|---|
| 01/23/2023 | RG107.5.I4 DIA | 92004044898 | 80.00 | 01/23/2023 | BOOKS | LCC | NFIC | MAIN | MAIN | GEN | 01/23/2023 | 80.00 |